| 000 | 00636nam a22002057a 4500 | ||
|---|---|---|---|
| 003 | KOHA_MİRAKIL | ||
| 005 | 20260406115415.0 | ||
| 008 | 260406b tu ||||| |||| 00| 0 tur d | ||
| 020 | _a9786258467529 | ||
| 040 |
_aTR-AnABB _btur _cTR-AnABB |
||
| 041 | _atur | ||
| 082 |
_a922.977 _bANK 2023 |
||
| 245 | 0 | 0 |
_aAnkara'nın sırrı Hacı Bayram-ı Veli / _cdüzenleyen: Pınar Öztürk |
| 260 |
_aAnkara : _bGöl kitap yayıncılık, _c2023 |
||
| 300 |
_a194 sayfa ; _c20 cm |
||
| 650 | 0 | 4 | _aBiyografi, Mutasavvıflar |
| 700 | 1 |
_aÖztürk, Pınar, _eDüzenleyen _93303 |
|
| 900 | _bCan ÇELIK | ||
| 942 |
_2ddc _cBK |
||
| 999 |
_c10167 _d10167 |
||